I'm a caterpillar / (Record no. 1788)

MARC details
000 -LEADER
fixed length control field 01483pam a2200397 a 4500
001 - CONTROL NUMBER
control field 1788
003 - CONTROL NUMBER IDENTIFIER
control field FISKH
005 - DATE AND TIME OF LATEST TRANSACTION
control field 20230929135605.0
008 - FIXED-LENGTH DATA ELEMENTS--GENERAL INFORMATION
fixed length control field 960607s1997 nyua b 000 0 eng
010 ## - LIBRARY OF CONGRESS CONTROL NUMBER
LC control number 96026744
020 ## - INTERNATIONAL STANDARD BOOK NUMBER
International Standard Book Number 0590847791
040 ## - CATALOGING SOURCE
Original cataloging agency DLC
Transcribing agency DLC
Modifying agency DLC
Language of cataloging eng
042 ## - AUTHENTICATION CODE
Authentication code lcac
050 00 - LIBRARY OF CONGRESS CALL NUMBER
Classification number QL544.2
Item number .M26 1997
082 00 - DEWEY DECIMAL CLASSIFICATION NUMBER
Classification number 595.78/043
Edition number 20
100 1# - MAIN ENTRY--PERSONAL NAME
Personal name Marzollo, Jean.
245 10 - TITLE STATEMENT
Title I'm a caterpillar /
Statement of responsibility, etc. by Jean Marzollo ; illustrated by Judith Moffatt.
246 3# - VARYING FORM OF TITLE
Title proper/short title I am a caterpillar
260 ## - PUBLICATION, DISTRIBUTION, ETC.
Place of publication, distribution, etc. New York :
Name of publisher, distributor, etc. Scholastic,
Date of publication, distribution, etc. 1997.
300 ## - PHYSICAL DESCRIPTION
Extent 30 unnumbered pages :
Other physical details color illustrations ;
Dimensions 23 cm.
440 #0 - SERIES STATEMENT/ADDED ENTRY--TITLE
Title Hello science reader!
Number of part/section of a work Level 1
505 ## - FORMATTED CONTENTS NOTE
Formatted contents note E<br/>
520 ## - SUMMARY, ETC.
Summary, etc. Provides a simple explanation of what happens as a caterpillar changes into a butterfly--from the caterpillar's point of view.
521 8# - TARGET AUDIENCE NOTE
Target audience note 270<br/>
Source Lexile<br/>
521 8# - TARGET AUDIENCE NOTE
Target audience note E<br/>
Source Raz-Plus<br/>
650 #0 - SUBJECT ADDED ENTRY--TOPICAL TERM
Topical term or geographic name entry element Caterpillars
General subdivision Juvenile literature.
650 #0 - SUBJECT ADDED ENTRY--TOPICAL TERM
Topical term or geographic name entry element Butterflies
General subdivision Life cycles
-- Juvenile literature.
650 #1 - SUBJECT ADDED ENTRY--TOPICAL TERM
Topical term or geographic name entry element Caterpillars.
650 #1 - SUBJECT ADDED ENTRY--TOPICAL TERM
Topical term or geographic name entry element Butterflies.
650 #1 - SUBJECT ADDED ENTRY--TOPICAL TERM
Topical term or geographic name entry element Metamorphosis.
700 1# - ADDED ENTRY--PERSONAL NAME
Personal name Moffatt, Judith,
Relator term illustrator
856 42 - ELECTRONIC LOCATION AND ACCESS
Materials specified Contributor biographical information
Uniform Resource Identifier <a href="http://www.loc.gov/catdir/enhancements/fy1301/96026744-b.html">http://www.loc.gov/catdir/enhancements/fy1301/96026744-b.html</a>
906 ## - LOCAL DATA ELEMENT F, LDF (RLIN)
a 7
b cbc
c orignew
d 1
e ocip
f 19
g y-gencatlg
942 ## - ADDED ENTRY ELEMENTS (KOHA)
Source of classification or shelving scheme Dewey Decimal Classification
Koha item type Books
Suppress in OPAC No
Holdings
Withdrawn status Lost status Source of classification or shelving scheme Damaged status Not for loan Collection Home library Current library Shelving location Date acquired Total Checkouts Full call number Barcode Date last seen Date last checked out Price effective from Koha item type
    Dewey Decimal Classification     Non-Fiction Footprints International School Library Network Toul Kork Campus Footprints International School Library Network Toul Kork Campus TK Primary Library Room(4th Floor), Bookcase 7, Shelves 57-60, Dark Green Books 09/29/2023 2 MAR 595.78043 QL544.M26 FISTK01300 05/16/2024 01/02/2024 09/29/2023 Books